Modern elementary statistics / (Record no. 815)

MARC details
000 -LEADER
fixed length control field 00554nam a22001817a 4500
005 - DATE AND TIME OF LATEST TRANSACTION
control field 20230201020728.0
008 - FIXED-LENGTH DATA ELEMENTS--GENERAL INFORMATION
fixed length control field 230201b |||||||| |||| 00| 0 eng d
020 ## - INTERNATIONAL STANDARD BOOK NUMBER
International Standard Book Number 981-247-064-6
082 ## - DEWEY DECIMAL CLASSIFICATION NUMBER
Classification number G.S. 519.5 F889 2003
100 ## - MAIN ENTRY--PERSONAL NAME
Personal name Freund, John E.
Relator term author
245 ## - TITLE STATEMENT
Title Modern elementary statistics /
Statement of responsibility, etc. John E. Freund
250 ## - EDITION STATEMENT
Edition statement 10th ed.
260 ## - PUBLICATION, DISTRIBUTION, ETC.
Place of publication, distribution, etc. Singapore:
Name of publisher, distributor, etc. Pearson Education South Asia,
Date of publication, distribution, etc. c2003
300 ## - PHYSICAL DESCRIPTION
Extent xii, 621p.
504 ## - BIBLIOGRAPHY, ETC. NOTE
Bibliography, etc. note Includes bibliographical references and index
541 ## - IMMEDIATE SOURCE OF ACQUISITION NOTE
Accession number 4830 c.1, 4831 c.2, 4832 c.3
650 ## - SUBJECT ADDED ENTRY--TOPICAL TERM
Topical term or geographic name entry element Statistics
Holdings
Withdrawn status Lost status Source of classification or shelving scheme Damaged status Not for loan Home library Current library Date acquired Total Checkouts Full call number Barcode Date last seen Copy number Price effective from Koha item type
    Dewey Decimal Classification     ctu-moalboal ctu-moalboal 08/09/2016   G.S. 519.5 F889 2003 4830 02/01/2023 1 02/01/2023 Books - Graduate School
    Dewey Decimal Classification     ctu-moalboal ctu-moalboal 08/09/2016   G.S. 519.5 F889 2003 4831 02/01/2023 2 02/01/2023 Books - Graduate School
    Dewey Decimal Classification     ctu-moalboal ctu-moalboal 08/09/2016   G.S. 519.5 F889 2003 4832 02/01/2023 3 02/01/2023 Books - Graduate School